Manajemen Abad 21 / (Record no. 2954)

000 -LEADER
fixed length control field nam a22 a 4500
005 - DATE AND TIME OF LATEST TRANSACTION
control field 20170519081517.0
008 - FIXED-LENGTH DATA ELEMENTS--GENERAL INFORMATION
fixed length control field 170519b1998 io ||||| |||| 00| 0 ind d
020 ## - INTERNATIONAL STANDARD BOOK NUMBER
International Standard Book Number 9795264133
040 ## - CATALOGING SOURCE
Original cataloging agency AKMAL
082 ## - DEWEY DECIMAL CLASSIFICATION NUMBER
Classification number 658 SON
090 ## - LOCALLY ASSIGNED LC-TYPE CALL NUMBER (OCLC); LOCAL CALL NUMBER (RLIN)
Classification number (OCLC) (R) ; Classification number, CALL (RLIN) (NR) 658
Local cutter number (OCLC) ; Book number/undivided call number, CALL (RLIN) SON
245 ## - TITLE STATEMENT
Title Manajemen Abad 21 /
Statement of responsibility, etc. Sondang P. Siagan
260 ## - PUBLICATION, DISTRIBUTION, ETC.
Place of publication, distribution, etc. Indonesia
Name of publisher, distributor, etc. Bumi AKsara
Date of publication, distribution, etc. 1998
300 ## - PHYSICAL DESCRIPTION
Extent 236 ms.
Dimensions cm
942 ## - ADDED ENTRY ELEMENTS (KOHA)
Source of classification or shelving scheme
Koha item type Book
Holdings
Withdrawn status Lost status Source of classification or shelving scheme Damaged status Not for loan Collection code Home library Current library Shelving location Date acquired Inventory number Total Checkouts Full call number Barcode Date last seen Price effective from Koha item type
          NON-FICTION AKMAL Melaka AKMAL Melaka PINJAMAN 19.05.2017 601980   658 SON 201704037 19.05.2017 19.05.2017 Book
Pusat Sumber Maklumat Dato' Haji Sarmin Md Hussin, Akademi Kastam Diraja Malaysia, Melaka
Tel: 06-2331106 | Faks: 06-2313787